000
00243nam a22000977a 4500
999
_c
11318
_d
11318
008
190219b ||||| |||| 00| 0 eng d
020
_a
9780713635751
100
_a
Gummerson Tony
_9
7059
245
_a
Sports Coaching and Teaching
260
_a
London